000 01699cam a22004214i 4500
003 PE-LiUPU
005 20250731172932.0
008 150623s r 000 0 d
035 _a(Sirsi) a20445
040 _aPE-LiUPU
_bspa
_cPE-LiUPU
_erda
082 0 4 _a286.732
_bR71
_221
100 1 _aRobinson, Dores Eugene,
_d1879-1957,
_eautor.
245 1 4 _aThe story of our health message :
_bthe origin, character, and development of health education in the Seventh-day Adventist church /
_cpor Dores Eugene Robinson.
264 1 _aNashville, Tennessee :
_bSouthern Publishing Association,
_c1965.
300 _a445 páginas ;
_c18 cm.
336 _atext
_2rdacontent
337 _aunmediated
_2rdamedia
338 _avolume
_2rdacarrier
505 0 _aThe tiemes of this ignorance. -Movements toward therapeutic reform. -Temperance and diet reforms. -Joseph Bates, a health reformer. -Health reforms among seventh-day adventists.
526 _aSEG42
526 _aSEG41
526 _aSEG40
526 _aSEG39
526 _aP94
526 _aP87
526 _aP86
526 _aP85
526 _aP77
526 _aP76
526 _aP35
650 0 4 _aAdventistas del séptimo día
_xEDUCACION de la salud.
650 0 4 _aMedicina
_xAdventistas del séptimo día.
942 _2ddc
_cBOOK
949 _a286.732 R71
_wDEWEY
_c1
_i43931
_lCCODEBUL1
_mBUL
_p00.00
_r0
_sY
_tBOOK
_u2015-06-24
_xTEOLOGIA
_PP35
_0COMPRA
_o.STAFF. Colección General
596 _a1
999 _a286.732 R71
_wDEWEY
_c20801
_i43931
_d20801
_f2021-11-11
_g6
_lCCODEBUL1
_mBUL
_q1
_r0
_sY
_tBOOK
_u2015-6-24
_xTEOLOGIA
_PP35
_0COMPRA
_o.STAFF. Colección General
980 _81
_gALBERTO SANCHEZ Responsable de Automatización